Cạnh tranh ảnh hưởng Mỹ- Trung tại khu vực Châu Á - Thái Bình Dương dưới thời tổng thống Obama giai đoạn 2009-2013

Guardat en:
Dades bibliogràfiques
Autor principal: Bùi Thị Anh Thảo
Format: Desconegut
Idioma:Vietnamese
Publicat: 2014
Matèries:
Etiquetes: Afegir etiqueta
Sense etiquetes, Sigues el primer a etiquetar aquest registre!
Thư viện lưu trữ: Mạng thư viện Đại học Đà Nẵng
LEADER 00956na a2200289 4500
001 000032118
003 8108
005 20151014000000.0
008 151001s2014 000 vie
041 |a vie 
082 |a 959.73  |b BU-T 
100 |a Bùi Thị Anh Thảo 
245 |a Cạnh tranh ảnh hưởng Mỹ- Trung tại khu vực Châu Á - Thái Bình Dương dưới thời tổng thống Obama giai đoạn 2009-2013  |c Bùi Thị Anh Thảo 
260 |c 2014 
300 |a 60tr. : mh ; 30cm 
650 |a Bùi Thị Anh Thảo, Mỹ, trung, giai đoạn 2009-2013, 2014, Khoa QTH 
852 |b Chuyên đề  |c Luận văn sinh viên 1 
OWN |a LNN 
999 |a From the UDN01 
TYP |a Printed language 
980 |a Mạng thư viện Đại học Đà Nẵng